000 00328nam a2200133Ia 4500
008 240624s9999 xx 000 0 und d
041 _aeng
082 _a338 DAV
100 _aDAVIDSSON PER
245 _aNEW FIRM STARTUPS
260 _c2006
_aUnited Kingdom
_bEdward Elgar
300 _axxx, 551 p.; 23 cm.
365 _cBPS
_b30
999 _c30368
_d30368